000 00719nam a22002057a 4500
005 20251108165032.0
008 250721s1984 xx 000 0 ara d
082 1 4 _a956.203/كلي
100 1 _aكليفتون، توني
245 1 0 _aمن تل الزعتر إلى صبرا و شاتيلا :
_bصور و وثائق /
264 1 _aعمان :
_bالدار العربية للنشر و التوزيع،
_c1984.
300 _a188ص
650 1 7 _aتاريخ لبنان
650 1 7 _aغزو لبنان 1982
650 1 7 _aالحرب الأهلية اللبنانية 1975-1991
700 1 _aليروى، كاترين
700 1 _aأبو غيدا، رشيد . أ
_eترجمة
942 _2ddc
_cBK
999 _c20533
_d20533